An economic history of modern India, 1848-1939 / (Record no. 2593)
[ view plain ]
| 000 -LEADER | |
|---|---|
| fixed length control field | 00740nam a2200253 a 4500 |
| 001 - CONTROL NUMBER | |
| control field | 2593 |
| 003 - CONTROL NUMBER IDENTIFIER | |
| rucl marc code | BD-RjUL |
| 005 - DATE AND TIME OF LATEST TRANSACTION | |
| control field | 20211208233603.0 |
| 008 - FIXED-LENGTH DATA ELEMENTS--GENERAL INFORMATION | |
| fixed length control field | 131212s1981 ii 001 0 eng d |
| 035 ## - SYSTEM CONTROL NUMBER | |
| System control number | (BD-RjUL) |
| 040 ## - CATALOGING SOURCE | |
| Original cataloging agency | DLC |
| Transcribing agency | DLC |
| Modifying agency | DLC |
| -- | BD-RjUL |
| Language of cataloging | eng |
| 041 ## - LANGUAGE CODE | |
| Language code of text/sound track or separate title | eng |
| 082 00 - DEWEY DECIMAL CLASSIFICATION NUMBER | |
| Classification number | 330.954 |
| Edition number | 19 |
| Author mark and year | SEE |
| 100 1# - MAIN ENTRY--PERSONAL NAME | |
| Personal name | Sen, Sunil Kumar. |
| 9 (RLIN) | 8384 |
| 245 13 - TITLE STATEMENT | |
| Title | An economic history of modern India, 1848-1939 / |
| Statement of responsibility, etc. | Sunil Kumar Sen. |
| 260 ## - PUBLICATION, DISTRIBUTION, ETC. (IMPRINT) | |
| Place of publication, distribution, etc. | Calcutta : |
| Name of publisher, distributor, etc. | Progressive Publishers, |
| Date of publication, distribution, etc. | c1981. |
| 300 ## - PHYSICAL DESCRIPTION | |
| Pagination | 368 p. ; |
| Size | 22 cm. |
| 504 ## - BIBLIOGRAPHY, ETC. NOTE | |
| Bibliography, etc | Bibliography: p. [358]-364. |
| 651 #0 - SUBJECT ADDED ENTRY--GEOGRAPHIC NAME | |
| Geographic name | India |
| General subdivision | Economic conditions. |
| 9 (RLIN) | 8385 |
| Geographic name | India |
| General subdivision | Economic policy. |
| 9 (RLIN) | 8371 |
| 942 ## - ADDED ENTRY ELEMENTS (KOHA) | |
| Source of classification or shelving scheme | Dewey Decimal Classification |
| Koha item type | Books |
| Lost status | Source of classification or shelving scheme | Damaged status | Not for loan | Collection code | Permanent Location | Current Location | Shelving location | Date acquired | Source of acquisition | Cost, normal purchase price | Total Checkouts | Full call number | Date last seen | Copy number | Koha item type |
|---|---|---|---|---|---|---|---|---|---|---|---|---|---|---|---|
| Dewey Decimal Classification | Non-fiction | Central Library, University of Rajshahi | Central Library, University of Rajshahi | 27/04/1985 | Topan talip | 75.00 | 330.954 SEE 1981 | 12/12/2013 | C-2 | Books | |||||
| Dewey Decimal Classification | Non-fiction | Central Library, University of Rajshahi | Central Library, University of Rajshahi | 27/04/1985 | Topan talip | 75.00 | 330.954 SEE 1981 | 12/12/2013 | C-5 | Books | |||||
| Dewey Decimal Classification | Non-fiction | Central Library, University of Rajshahi | Central Library, University of Rajshahi | 27/04/1985 | Tulip | 75.00 | 330.954 SEE 1981 | 21/12/2013 | C-4 | Books | |||||
| Dewey Decimal Classification | Non-fiction | Central Library, University of Rajshahi | Central Library, University of Rajshahi | 27/04/1985 | Tulip Enter. Dhaka | 75.00 | 330.954 SEE 1981 | 27/02/2014 | C-3 | Books | |||||
| Dewey Decimal Classification | Not For Loan | Non-fiction | Central Library, University of Rajshahi | Central Library, University of Rajshahi | Reading Room | 27/04/1985 | Tulip | 75.00 | 330.954 SEE 1981 | 17/12/2016 | C-1 | Books |